Óptica Geométrica I - Statistics

Estatísticas Gerais
  • Esse quiz foi jogado 7 vezes
    6 desde o último reset
  • A pontuação média é 9 de 17
Estatísticas das Respostas
Questão Resposta % Correto
O que nos permite enxergar um raio de luz atravessando uma sala com poeira no ar? As partículas de poeira refletem e espalham a luz em nossa direção.
75%
O que é Refração Mudança da Velocidade da luz ao passar por um meio diferente resultando em um desvio ou não do raio.
75%
Indique a Lei da Refração (Snell-Descartes): n1.Sen(θi) = n2.Sen(θr)
75%
Quando vamos representar em um desenho, um sistema óptico precisamos representar o objeto que é fundamental para traçarmos a imagem de um espelho plano. Nesse sentido, a representação terá: Objeto, Imagem e 2 Raios notáveis: 1 do Topo do objeto até o espelho e 1 da Base do objeto até o espelho.
75%
Qual das alternativas a seguir representa uma consequência direta do princípio da independência dos raios luminosos? O Eclipse Lunar.
75%
O que explica o desvio na posição aparente de um objeto quando visto através da água? Refração.
75%
Sobre espelhos planos, assinale a alternativa correta sobre os ângulos entre o ESPELHO e o PLANO e a formação da IMAGEM em um espelho inclinado
50%
Assinale a opção com as características de um espelho plano A imagem é virtual, direita e do mesmo tamanho do objeto.
50%
O índice de Refração representa uma comparação entre a Velocidade da luz no vácuo/ar (c) e a Velocidade da luz em um outro meio como o vidro, a água, entre outros, ou seja, n = c/V. Sendo assim o Índice de Refração do ar é: Note e adote: não considere materiais não convencionais como metamateriais. é igual à 1 e é o MENOR possível.
50%
Com o princípio de Propagação Retilínea da luz em triângulos semelhantes, podemos construir a seguinte fórmula matemática: - Sendo H e D = Triângulo maior e h e d = Triângulo menor H/D = h/d
50%
Em um caso de refração, quando o Ângulo de Incidência (θi) = 0, podemos afirmar que: Ocorre a Refração mas Não há desvio do raio.
50%
Quando um Raio vêm de um meio feito de Vidro (n2 ≈ 1,5) e vai para um meio constituído de Água (n1 ≈ 1,3) o raio refratado tende a: Se AFASTAR da Normal já que a água é MENOS refringente que o vidro.
50%
Quando um raio de luz vai do Ar ou Vácuo (n = 1) para um meio MAIS refringente (exemplos: a água ≈ 1,33 e o vidro ≈ 1,50), o raio refratado segue um comportamento comum à todos. O raio refratado tende a: Se aproximar da Normal.
50%
Quando há Refração podemos afirmar com total certeza que: Ainda há reflexão.
25%
O termo "Refringência " refere-se à: Dificuldade da luz de se propagar em um meio.
25%
Quanto MAIS REFRINGENTE é um meio significa dizer que a Velocidade da luz (c): Fica mais Lenta.
25%
Sobre o "n" (índice de Refração) assinale o correto: o "n" em teoria, não pode ser menor que 1 mas em estudos sobre os metamateriais (nas pesquisas sobre invisibilidade) contraria essa afirmação pois podem ser menores que 1 e até negativos
25%
Nenhum quiz correspondente encontrado
Distribuição das Pontuações
Porcentagem de Pessoas com Cada Pontuação
Percentil de Números Respondidos
Sua Pontuação Histórica
Você não jogou esse quiz desde o último reset